Statistics for Car brands by city of origin

Click here to take the quiz!

General Stats

  • This quiz has been taken 22 times
  • The average score is 5 of 10

Answer Stats

Car brandCity of origin% Correct
BMWMunich
94%
ChevroletDetroit
88%
VolvoGothenburg
65%
PorscheStuttgart
65%
BentleyLondon
47%
TeslaSan Francisco Bay Area
47%
ToyotaToyota
35%
MazdaHiroshima
29%
MaseratiBologna
18%
SaabLinköping
12%

Score Distribution

Percentile by Number Answered

Percent of People with Each Score

Your Score History

You have not taken this quiz